[Event "SFR-ch Seniors"]
[Site "Kiselevsk"]
[Date "2010.10.16"]
[Round "8"]
[White "Suslin, Alexander"]
[Black "Gladkikh, Ivan"]
[Result "0-1"]
[WhiteElo "2162"]
[BlackElo "2133"]
[PlyCount "148"]
[EventDate "2010.10.11"]
[EventType "swiss"]
[EventRounds "9"]
[EventCountry "RUS"]
[SourceTitle "EXT 2022"]
[Source "ChessBase"]
[SourceDate "2021.10.06"]
[SourceVersion "1"]
[SourceVersionDate "2021.10.06"]
[SourceQuality "1"]

1. e4 c6 2. d4 d5 3. e5 Bf5 4. Bd3 Bxd3 5. Qxd3 e6 6. f4 g6 7. Nf3 c5 8. c3 Nc6 9. 0-0 Qb6 10. Kh1 h5 11. Nbd2 Nh6 12. dxc5 Bxc5 13. Nb3 Nf5 14. Nxc5 Qxc5 15. b4 Qb6 16. a4 h4 17. Ng5 Rc8 18. Bd2 Nce7 19. Rf3 Rc4 20. Rh3 Qc7 21. g4 Ng7 22. Nf3 Re4 23. Re1 Qc4 24. Qxc4 Rxc4 25. Rg1 Nc6 26. Re1 a6 27. b5 Na5 28. bxa6 bxa6 29. Rb1 0-0 30. Rb4 Rfc8 31. Rxh4 Rxb4 32. cxb4 Nc4 33. Rh3 d4 34. Be1 Rd8 35. Nd2 Ne3 36. Bh4 Rc8 37. Bf2 Rc1+ 38. Bg1 Nxg4 39. Ne4 Re1 40. Nf6+ Nxf6 41. exf6 Nh5 42. Rf3 Nxf6 43. Rd3 Nd5 44. Rxd4 Rf1 45. Kg2 Rb1 46. b5 axb5 47. axb5 Rxb5 48. Kf3 Rb3+ 49. Ke2 Kg7 50. Rc4 Kf6 51. Bf2 Kf5 52. Bg3 Re3+ 53. Kf2 Re4 54. Rc5 Kg4 55. Rc8 Nxf4 56. Rf8 Nd3+ 57. Kg2 f5 58. Rg8 Kg5 59. Bd6 Nf4+ 60. Kf3 Nd5 61. Kg3 Re3+ 62. Kf2 Re4 63. Kg3 e5 64. Re8 Rg4+ 65. Kf2 e4 66. Re5 Nf4 67. Be7+ Kh5 68. Ra5 Rg2+ 69. Ke3 Kg4 70. h4 Rg3+ 71. Kd2 e3+ 72. Kc2 Rg2+ 73. Kc3 e2 74. Re5 Rg1 0-1

[Event "SFR-ch Seniors"]
[Site "Kiselevsk"]
[Date "2010.10.14"]
[Round "5"]
[White "Gladkikh, Ivan"]
[Black "Gorokhov, Vladimir"]
[Result "0-1"]
[WhiteElo "2133"]
[BlackElo "1992"]
[PlyCount "94"]
[EventDate "2010.10.11"]
[EventType "swiss"]
[EventRounds "9"]
[EventCountry "RUS"]
[SourceTitle "EXT 2022"]
[Source "ChessBase"]
[SourceDate "2021.10.06"]
[SourceVersion "1"]
[SourceVersionDate "2021.10.06"]
[SourceQuality "1"]

1. c4 e5 2. Nc3 f5 3. g3 Nf6 4. Bg2 c6 5. d4 e4 6. Bg5 h6 7. Bxf6 Qxf6 8. e3 Na6 9. a3 Nc7 10. Nge2 g5 11. d5 Bd6 12. Nd4 Be5 13. Qh5+ Kf8 14. 0-0-0 c5 15. Nde2 d6 16. f3 exf3 17. Qxf3 Kg7 18. Rdf1 Bd7 19. e4 Rhf8 20. Qd3 a6 21. h4 b5 22. Bh3 b4 23. axb4 cxb4 24. Nd1 fxe4 25. Qxe4 Qe7 26. Bxd7 Bxb2+ 27. Nxb2 Rxf1+ 28. Rxf1 Qxe4 29. Kd2 Rf8 30. Rxf8 Kxf8 31. hxg5 hxg5 32. g4 Ne8 33. Bf5 Qf3 34. Nd3 a5 35. Nd4 Qg2+ 36. Ke3 Nf6 37. Ne6+ Ke7 38. Nf2 Qg3+ 39. Ke2 Qe5+ 40. Kf3 Qc3+ 41. Bd3 b3 42. Nxg5 b2 43. Ke2 Qe5+ 44. Nge4 Nxe4 45. Nxe4 Qh2+ 46. Nf2 Qg3 47. Bf5 Qe5+ 0-1

[Event "Kemerovo op 08"]
[Site "Kemerovo"]
[Date "2009.08.28"]
[Round "9"]
[White "Grishenko, Vladimir"]
[Black "Gladkikh, Ivan"]
[Result "1-0"]
[WhiteElo "2233"]
[BlackElo "2146"]
[PlyCount "47"]
[EventDate "2009.08.22"]
[EventType "swiss"]
[EventRounds "9"]
[EventCountry "RUS"]
[SourceTitle "EXT 2012"]
[Source "ChessBase"]
[SourceDate "2011.11.24"]
[SourceVersion "1"]
[SourceVersionDate "2011.11.24"]
[SourceQuality "1"]

1. Nf3 Nf6 2. c4 b6 3. g3 Bb7 4. Bg2 e6 5. 0-0 Be7 6. Nc3 0-0 7. Re1 d6 8. e4 Nbd7 9. d4 e5 10. b3 Re8 11. Bb2 exd4 12. Nxd4 Bf8 13. Qc2 a6 14. Rad1 Ra7 15. h3 Qa8 16. Nd5 Qb8 17. Nf5 Bxd5 18. cxd5 a5 19. Nd4 Rb7 20. Kh2 b5 21. f4 a4 22. Nc6 Qa8 23. e5 Nh5 24. e6 1-0

[Event "Kemerovo op 08"]
[Site "Kemerovo"]
[Date "2009.08.22"]
[Round "1"]
[White "Gladkikh, Ivan"]
[Black "Sitnikov, Dmitrij"]
[Result "0-1"]
[WhiteElo "2146"]
[BlackElo "2426"]
[PlyCount "88"]
[EventDate "2009.08.22"]
[EventType "swiss"]
[EventRounds "9"]
[EventCountry "RUS"]
[SourceTitle "EXT 2012"]
[Source "ChessBase"]
[SourceDate "2011.11.24"]
[SourceVersion "1"]
[SourceVersionDate "2011.11.24"]
[SourceQuality "1"]

1. c4 Nf6 2. Nc3 c6 3. Nf3 d5 4. e3 e6 5. Be2 Nbd7 6. d4 Bd6 7. 0-0 0-0 8. Qc2 dxc4 9. Bxc4 b5 10. Bd3 Bb7 11. e4 e5 12. Bg5 exd4 13. Bxf6 Qxf6 14. Ne2 Bc5 15. Rac1 Bb6 16. b4 a5 17. a3 axb4 18. axb4 Ra3 19. Ra1 Rfa8 20. Rxa3 Rxa3 21. Rd1 Ne5 22. Nxe5 Qxe5 23. Qb2 Ra8 24. f4 Qe7 25. Kh1 Rd8 26. Ng3 g6 27. e5 f5 28. exf6 Qxf6 29. f5 Bc7 30. fxg6 hxg6 31. Rf1 Qh4 32. Qa2+ Kh8 33. Qf2 Bxg3 34. Qxg3 Qxg3 35. hxg3 Kg7 36. g4 Bc8 37. Rf4 Be6 38. Kh2 Bc4 39. Rf3 Rf8 40. Bc2 d3 41. Bd1 Ra8 42. Re3 Kf6 43. Kg3 Ra1 44. Bf3 d2 0-1

[Event "RUS-ch Seniors"]
[Site "Tula"]
[Date "2004.05.12"]
[Round "3"]
[White "Tchernyi, Viktor"]
[Black "Gladkikh, Ivan"]
[Result "1-0"]
[WhiteElo "2322"]
[BlackElo "2169"]
[PlyCount "119"]
[EventDate "2004.05.??"]
[EventType "swiss"]
[EventRounds "9"]
[EventCountry "RUS"]
[SourceTitle "EXT 2005"]
[Source "ChessBase"]
[SourceDate "2004.11.15"]
[SourceVersion "1"]
[SourceVersionDate "2004.11.15"]
[SourceQuality "1"]

1. e4 c6 2. Nc3 g6 3. d4 Bg7 4. h3 d6 5. Nf3 Nd7 6. Be2 Ngf6 7. e5 Nd5 8. Nxd5 cxd5 9. Bf4 dxe5 10. dxe5 Nb6 11. 0-0 0-0 12. Qc1 Bd7 13. Bh6 Rc8 14. Bd3 Na4 15. c3 Qb6 16. Rb1 Nc5 17. Bc2 Ne6 18. Rd1 Bc6 19. Bb3 Rfd8 20. Bxg7 Kxg7 21. Nd4 Nc5 22. Qg5 e6 23. Bc2 Rf8 24. Re1 Qd8 25. Qf4 Qe7 26. Re3 f5 27. exf6+ Qxf6 28. Qg3 Bd7 29. Rf3 Qd8 30. Qe5+ Kg8 31. Re1 Rxf3 32. Nxf3 Qc7 33. Qg5 Qd8 34. Qg3 Qf6 35. h4 Bc6 36. Ne5 Nd7 37. Ng4 Qg7 38. Rxe6 Nf8 39. Re5 Re8 40. f4 Rxe5 41. fxe5 Qe7 42. h5 Be8 43. Bb3 Bc6 44. Kh2 Kh8 45. Nf6 Qe6 46. Qg5 Qf7 47. h6 Ne6 48. Qg4 g5 49. Qf5 a5 50. a3 Nf8 51. Qxg5 Qg6 52. Qxg6 Nxg6 53. e6 Ne7 54. g4 b5 55. Kg3 b4 56. Kf4 a4 57. Bc2 bxa3 58. bxa3 Bb5 59. Ke5 Nc8 60. Nxd5 1-0

[Event "RUS-ch sf"]
[Site "Novosibirsk"]
[Date "1999.??.??"]
[Round "9"]
[White "Gladkikh, Ivan"]
[Black "Chernov, Alexander"]
[Result "0-1"]
[WhiteElo "2335"]
[BlackElo "2160"]
[PlyCount "106"]
[EventDate "1999.??.??"]
[EventType "swiss"]
[EventRounds "9"]
[EventCountry "RUS"]
[SourceTitle "EXT 2000"]
[Source "ChessBase"]
[SourceDate "1999.11.16"]
[SourceVersion "1"]
[SourceVersionDate "1999.11.16"]
[SourceQuality "1"]

1. Nf3 Nf6 2. c4 d6 3. g3 e5 4. Bg2 c6 5. 0-0 Be7 6. b3 0-0 7. d4 e4 8. Ne1 d5 9. Nc2 Be6 10. Ne3 Qd7 11. Nc3 Na6 12. Bb2 Rad8 13. cxd5 cxd5 14. a3 h5 15. f3 exf3 16. exf3 Nc7 17. Qd3 Rfe8 18. Ne2 Bd6 19. Rae1 g6 20. Nc3 Bh3 21. Rf2 Re7 22. Rfe2 Rde8 23. Bc1 Kg7 24. Ncd1 Bxg2 25. Kxg2 h4 26. Nf2 Nh5 27. Nf1 hxg3 28. hxg3 Rxe2 29. Rxe2 Rxe2 30. Qxe2 Ne6 31. Qe3 Qc7 32. Qh6+ Kg8 33. Ng4 Qc2+ 34. Kh3 Qxb3 35. Qe3 Qxe3 36. Ngxe3 Nxd4 37. f4 Nb3 38. Bb2 d4 39. Nc4 Be7 40. Ncd2 Nxd2 41. Nxd2 Bf6 42. Ne4 Bg7 43. f5 gxf5 44. Nc5 Be5 45. Nd3 f6 46. Kh4 Ng7 47. g4 fxg4 48. Kxg4 Kf7 49. Kf3 Ke6 50. Nc5+ Kd5 51. Nxb7 Bc7 52. a4 Ne6 53. a5 a6 0-1